| 000 | nam a22 a 4500 | ||
|---|---|---|---|
| 999 |
_c4070 _d4070 |
||
| 005 | 20170525091007.0 | ||
| 008 | 170525b1999 M ||||| |||| 00| 0 eng d | ||
| 020 | _a9836249591 | ||
| 040 | _aAKMAL | ||
| 082 | _a927.963 ZAB | ||
| 090 |
_a927.963 _bZAB |
||
| 245 |
_aMOKHTAR DAHARI _bWIRA BOLA SEPAK NEGARA _cZABIDIN HAJI ISMAIL |
||
| 260 |
_aMALAYSIA _bPERPUSTAKAAN NEGARA MALAYSIA _c1999 |
||
| 300 |
_a156ms,; _c22 cm |
||
| 650 |
_aBOLA SEPAK _97957 |
||
| 942 |
_2ddc _cBOOK |
||